00850nam a2200181 i 4500001000700000003000900007005001700016008004100033100005600074245013100130246004200261260004800303300005300351530003500404650002000439852011400459856009500573163084ES-MaACL20250809063530.0931025s1734 fr f |||| | fre d1 aRéaumur, René Antoine Ferchault de, d1683-175710aMemoires pour servir a l'histoire des insectes / cpar M. de Reaumur... ; Tome premier, Sur les chenilles & sur les papillons.3 aSur les chenilles & sur les papillons aa Paris : bde l'imprimerie royale, c1734. a4], 654, 2] p., 50] h. de grab. pleg. ; c4º. aDisponible en formato digital. 7aInsectos2embne4 aES-MaACLjR-1123-28 z- Enc. pasta españolaz- Ex-libris de la Biblioteca Real xOlim: G-12039-444 uhttps://hdl.handle.net/11441/120521 zDepósito de Investigación Universidad de Sevilla